00295nam a2200109Ia 4500008004000000082001700040100001900057245003700076260004100113300000700154650002400161210210b1979 xxu||||| |||| 00| 0 eng d a823.009 METK aPARSONS (E M). aKIM: Notes on Rudyard Kipling's. aLondonbMethuen Paperbacks Ltdc1979 a76 aKIM Rudyard Kipling